Stare flagi - Statystyki

Ogólne statystyki
  • Ten quiz został rozwiązany 141 razy
  • Średni wynik to 2 z 8
Statystyki odpowiedzi
Obrazkowy Odpowiedź % Poprawnych
Kanada
85%
Wielka Brytania
40%
Cesarstwo japoni
27%
III Rzesza
3%
II Rzeczpospolita
3%
Francja Vichy
1%
Zachodnie niemcy
1%
Zjednoczone Włochy
1%
Nie znaleziono quizów pasujących do podanych kryteriów
Rozkład punktacji
Procent ludzi z każdym wynikiem
Percentyl według liczby udzielonych odpowiedzi
Twoja historia wyników
Nie rozwiązałeś tego quizu